00282nam a2200121Ia 45000030006000000080041000060400015000471000022000622450026000842600021001105460012001310050017001430STCL150530s9999 xx 000 0 und d aSTCLcSTCL aAlexopoulos, C.J. aIntroductory mycology bJohn Wileyc1952 aEnglish20220125170353.0